Reinas: cinco soberanas y sus biografías
Bewaard in:
| Hoofdauteur: | |
|---|---|
| Formaat: | Boek |
| Taal: | Spaans |
| Gepubliceerd in: |
Ciudad de México
Fondo de Cultura Económica
2010
|
| Editie: | 1a. ed |
| Reeks: | A Través del Espejo
|
| Onderwerpen: | |
| Tags: |
Voeg label toe
Geen labels, Wees de eerste die dit record labelt!
|
MARC
| LEADER | 00000cam a2200000 a 4500 | ||
|---|---|---|---|
| 001 | UCG9643 | ||
| 003 | CL-VaPUC | ||
| 008 | 120323e20100000MX |||||||||||||||||spa|d | ||
| 020 | |a 9786071601742 | ||
| 082 | 0 | 4 | |a 808.068 |b GOT |2 21 |
| 100 | 0 | |a Gottschalk, Maren |e author |9 561270 | |
| 245 | 1 | 0 | |a Reinas: cinco soberanas y sus biografías |
| 250 | |a 1a. ed | ||
| 300 | |a 164 p | ||
| 942 | |c BK | ||
| 945 | |d 20120323 00:00:00 |a dcastane | ||
| 260 | |a Ciudad de México |b Fondo de Cultura Económica |c 2010 | ||
| 650 | 0 | |a Biografías |9 255210 | |
| 650 | 0 | |a Literatura juvenil |9 309909 | |
| 583 | |a last modification |c 20120323 11:52:00 |k Rodrigo Vera | ||
| 490 | 0 | |a A Través del Espejo | |
| 999 | |c 347189 |d 347187 | ||